000 00543pab a2200169 454500
008 180718b1993 xxu||||| |||| 00| 0 eng d
100 _aGarain, Swapan
245 _aTrainng grassroots level workers in empowering the rural poor
_bthe case of an Indian NGO.
260 _c1993
300 _ap.381-92
362 _aJul
650 _aRural poor - Training of - India
650 _aNon governmental organizations - Training of - India
650 _aNon governmental organizations
773 _aIndian Journal of Social Work
909 _a31238
999 _c31238
_d31238